000 00606nam a2200193 i 4500
001 64414
003 ES-MaACL
005 20231218194914.0
007 t|
008 031224s1930 sp ||||1| spa d
100 1 _aFolguera, Joaquim.
_951465
245 1 0 _aPoesías /
_cJoaquim Folguera ; prólogo y versiones de Emilia Bernal ; presentación de Alfonso Maseras.
260 _aBarcelona :
_b[s.n.],
_c1930 (
_fJoan Sallent)
300 _a104 p. ;
_c20 cm.
700 1 _aBernal, Emilia,
_d1884-1964
_928177
700 1 _aMaseras, Alfons.
_978705
852 _aES-MaACL
_jB-12514
999 _c64414
_d64414